| 000 | 00788nam a22002537a 4500 | ||
|---|---|---|---|
| 005 | 20260410142721.0 | ||
| 008 | 260402b |||||||| |||| 00| 0 eng d | ||
| 020 | _a9788126560226 | ||
| 040 | _cAL | ||
| 041 | _aEnglish | ||
| 082 |
_a621.319 _bARRC |
||
| 100 |
_aJ Arrillaga _9261389 |
||
| 245 | _aComputer analysis of power systems | ||
| 260 |
_aNew Delhi _bWiley India Pvt Ltd _c2016 |
||
| 300 |
_axiii,361p. _bPB _c23.5x18cm. |
||
| 365 |
_aVBI-2645 _b₹821.25 _c₹ _d₹1095.00 _e25% _f20-02-2026 |
||
| 650 |
_aLoad flow _9260070 |
||
| 650 |
_aFault analysis _9260071 |
||
| 650 |
_aStability (transient and dynamic) _9260072 |
||
| 650 |
_aHarmonics _9260073 |
||
| 650 |
_aComputer numerical methods in power systems _9260074 |
||
| 700 |
_aArnold, C P _9260075 |
||
| 942 |
_2ddc _cBK |
||
| 999 |
_c241112 _d241112 |
||